Marketing identity 2016: značky, ktoré milujeme zborník z medzinárodnej vedeckej konferencie : Kongresové centrum SAV, Smolenický zámok, 8. - 9. november 2016

Gespeichert in:
Bibliographische Detailangaben
Körperschaft: Marketing identity 2016: značky, ktoré milujeme. Medzinárodná vedecká konferencia
Weitere Verfasser: Jurišová, Vladimíra, Klementis, Martin, Radošinská, Jana
Format: Buch
Sprache:Slowakisch
Veröffentlicht: Trnava Fakulta masmediálnej komunikácie UCM v Trnave 2016
Ausgabe:1. vyd.
Schlagworte:
Tags: Tag hinzufügen
Keine Tags, Fügen Sie das erste Tag hinzu!

MARC

LEADER 00000nlm a2200000 4500
001 0229533
005 20220830113451.6
020 |a 978-80-8105-839-4 
041 0 |a slo 
044 |a SK 
245 1 0 |a Marketing identity 2016: značky, ktoré milujeme  |b zborník z medzinárodnej vedeckej konferencie : Kongresové centrum SAV, Smolenický zámok, 8. - 9. november 2016  |c editori: Vladimíra Jurišová, Martin Klementis, Jana Radošinská 
250 |a 1. vyd. 
264 1 |a Trnava  |b Fakulta masmediálnej komunikácie UCM v Trnave  |c 2016 
300 |a online [361 s.] 
610 2 0 |a marketing 
610 2 0 |a značky 
610 2 0 |a budovanie značky 
610 2 0 |a spotrebitelia 
610 2 0 |a rozhodovanie nákupné 
610 2 0 |a médiá 
700 1 |a Jurišová, Vladimíra 
700 1 |a Klementis, Martin 
700 1 |a Radošinská, Jana 
110 2 |a Marketing identity 2016: značky, ktoré milujeme. Medzinárodná vedecká konferencia